ՀՀ Գիտությունների ազգային ակադեմիայի հիմնարար գիտական գրադարան  =   Fundamental Scientific Library of NAS RA

Механизация приготовления кормов на фермах / (Record no. 253284)

MARC details
000 -LEADER
fixed length control field 00896nam a2200205 u 4500
001 - CONTROL NUMBER
control field 000682685
003 - CONTROL NUMBER IDENTIFIER
control field AM-YeHGA
005 - DATE AND TIME OF LATEST TRANSACTION
control field 20250617142216.0
008 - FIXED-LENGTH DATA ELEMENTS--GENERAL INFORMATION
fixed length control field 090911s1976 ai | |||||||||||||rus|d
040 ## - CATALOGING SOURCE
Original cataloging agency AM-YeHGA
041 0# - LANGUAGE CODE
Language code of text/sound track or separate title rus
090 ## - LOCALLY ASSIGNED LC-TYPE CALL NUMBER (OCLC); LOCAL CALL NUMBER (RLIN)
-- 254883
100 1# - MAIN ENTRY--PERSONAL NAME
Personal name Земсков, Виктор Иванович
245 10 - TITLE STATEMENT
Title Механизация приготовления кормов на фермах /
Statement of responsibility, etc. В.И. Земсков, В.Д. Ковальчук.
250 ## - EDITION STATEMENT
Edition statement 2-е изд., доп.
260 ## - PUBLICATION, DISTRIBUTION, ETC.
Place of publication, distribution, etc. Барнаул :
Name of publisher, distributor, etc. Алтайское кн. изд-во,
Date of publication, distribution, etc. 1976.
300 ## - PHYSICAL DESCRIPTION
Extent 184 с. :
Other physical details рис. ;
Dimensions 20 см.
650 14 - SUBJECT ADDED ENTRY--TOPICAL TERM
Topical term or geographic name entry element Сельскохозяйственные машины и орудия
General subdivision Машины и орудия для обработки сельскохозяйственных продуктов
700 1# - ADDED ENTRY--PERSONAL NAME
Personal name Ковальчук, Виктор Данилович
Holdings
Withdrawn status Lost status Damaged status Not for loan Collection Home library Current library Date acquired Total checkouts Full call number Barcode Date last seen Price effective from Koha item type Public note
        General Fundamental Scientific Library Fundamental Scientific Library 29/12/2016   PII/379445 FL0353971 29/12/2016 29/12/2016 Գրքեր / Books 30 Days Loan


ՀՀ ԳԱԱ հիմնարար գիտական գրադարան
ՀՀ,Երևան 0019
Մարշալ Բաղրամյան 24/6
հեռախոս:(374-10) 52-47-50
Հետադարձ կապ

All site content, except where otherwise noted, is licensed under a
Creative Commons License